nba players by height - Statistics

General Stats
  • This quiz has been taken 8 times
  • The average score is 8 of 28
Answer Stats
Hint Answer % Correct
5'3 muggsy bogues
86%
6'6 michael jordan
71%
5'6 spud webb
71%
7'0 hakeem olajuwon
57%
6'8 lebron james
57%
7'6 yao ming
57%
5'5 earl boykins
43%
7'2 kareem abdul-jabbar
43%
6'9 magic johnson
43%
7'7 manute bol
43%
7'1 wilt chamberlain
43%
6'0 allen iverson
29%
6'2 jerry west
29%
6'3 steve nash
29%
6'11 tim duncan
29%
5'9 calvin murphy
14%
5'10 damon stoudamire
14%
6'7 julius erving
14%
6'5 oscar robertson
14%
7'4 ralph sampson
14%
6'10 bill russell
0%
5'8 charlie criss
0%
7'5 chuck nevitt
0%
6'4 dwayne wade
0%
6'1 john stockton
0%
5'7 keith jennings
0%
5'11 terrell brandon
0%
7'3 zydrunas iigauskas
0%
No matching quizzes found
Score Distribution
Percent of People with Each Score
Percentile by Number Answered
Your Score History
You have not taken this quiz